| 000 | 00619nam a22001817a 4500 | ||
|---|---|---|---|
| 020 | _qHard Cover. | ||
| 082 | _a621.3 | ||
| 100 | _a Saboor, Abdus Dar ; Muhammad Hamza Sumbal | ||
| 245 |
_aReal Time Player Tracking / _cAbdus Saboor Dar ; Muhammad Hamza Sumbal. |
||
| 260 |
_aIslamabad : _bSEECS - NUST, _c2019. |
||
| 300 |
_a38 p. : ill. ; _c30cm. |
||
| 563 | _aa | ||
| 650 |
_aElectrical Engineering-Project Report. _930780 |
||
| 700 |
_aDr. Awais M. Kamboh. _930801 |
||
| 856 | _uhttp://10.250.8.41:8080/xmlui/handle/123456789/28327 | ||
| 942 |
_2ddc _cPR |
||
| 999 |
_c535884 _d535884 |
||